Statistics for Canadian Supreme Court Quiz

Click here to take the quiz!

General Stats

  • This quiz has been taken 8 times
  • The average score is 7 of 9

Answer Stats

AppointedAnswer% Correct
2012Richard Wagner
100%
2019Nicholas Kasirer
86%
2014Suzanne Côté
86%
2011Andromache Karakatsanis
71%
2016Malcolm Rowe
71%
2004Rosalie Abella
71%
2015Russell Brown
71%
2017Sheilah Martin
57%
2011Michael Moldaver
43%

Score Distribution

Percentile by Number Answered

Percent of People with Each Score

Your Score History

You have not taken this quiz